000 00758cam a22002413a 4500
001 20421
003 PGUSA
005 20140828083431.0
008 070122s2007||||xxu|||||s|||||000 | eng d
040 _aPGUSA
_beng
042 _adc
050 4 _aQK
100 1 _aRuskin, John,
_d1819-1900
245 1 0 _aProserpina, Volume 1 :
_bStudies of Wayside Flowers, While the Air was Yet Pure Among the Alps and in the Scotland and England Which My Father Knew
_h[electronic resource] /
_cJohn Ruskin
260 _bProject Gutenberg,
_c2007
506 _aPublic domain in the USA.
516 _aElectronic text
653 _aPlants
653 _aFlowers
830 0 _aProject Gutenberg
_v20421
856 4 0 _uhttp://www.gutenberg.org/ebooks/20421
942 _cEB
999 _c249676
_d249676